000
00299nam a22001217a 4500
008
180201b xxu||||| |||| 00| 0 eng d
041
_a
eng
080
_a
32
100
_a
19
101
_a
HIS
245
_a
Politics and the professors: the great society in perspective
_c
Aaron,H.J
942
_2
udc
_c
BK
999
_c
41514
_d
41514